UEFA Soccer Clubs Ranking - Statistics

General Stats
  • This quiz has been taken 131 times
  • The average score is 13 of 25
Answer Stats
Hint Answer % Correct
7 Real Madrid
96%
3 FC Barcelona
92%
8 Manchester City
90%
2 FC Chelsea
84%
5 FC Liverpool
84%
10 Borussia Dortmund
81%
6 FC Arsenal
81%
4 FC Bayern München
76%
25 AC Milan
68%
11 Atletico Madrid
68%
9 Inter Milan
68%
15 Bayer Leverkusen
58%
13 SSC Neapel
56%
1 Paris-St.Germain
52%
12 Aston Villa
41%
24 Juventus Turin
41%
14 AS Roma
37%
17 PSV Eindhoven
32%
21 Newcastle United
29%
19 Benfica Lissabon
28%
20 Sporting Lissabon
25%
18 Villarreal
16%
16 Atalanta Bergamo
15%
23 Brighton & Hove Albion
5%
22 Crystal Palace
4%
No matching quizzes found
Score Distribution
Percent of People with Each Score
Percentile by Number Answered
Your Score History
You have not taken this quiz